000 00835nam a2200229 i 4500
001 17588
003 ES-MaACL
005 20230906151625.0
007 t|
008 010405s2000 sp ||||1| spa d
020 _a84-340-1226-X
080 _a9:069(460.27 M.)"17"
100 1 _aVelasco Moreno, Eva.
_9113765
245 1 3 _aLa Real Academia de la Historia en el siglo XVIII
_b: una institución de sociabilidad /
_cEva Velasco Moreno.
260 _aMadrid :
_bBoletín Oficial del Estado :
_bCentro de Estudios Políticos y Constitucionales,
_c2000.
300 _a342 p. ;
_c22 cm.
490 1 _aHistoria de la sociedad política
610 2 _aReal Academia de la Historia (España)-
_yS.XVIII.
_96311
830 0 _aHistoria de la sociedad política
_9180366
852 _aES-MaACL
_jL-24474
_bR.129908
999 _c17588
_d17588